UBT Library

Thoracic anesthesia / (Record no. 39794)

000 -LEADER
fixed length control field 00603pam a2200229 a 4500
001 - CONTROL NUMBER
control field 1860428
005 - DATE AND TIME OF LATEST TRANSACTION
control field 20180105050823.0
008 - FIXED-LENGTH DATA ELEMENTS--GENERAL INFORMATION
fixed length control field 820628s1983 nyua b 001 0 eng
010 ## - LIBRARY OF CONGRESS CONTROL NUMBER
LC control number 82012809
020 ## - INTERNATIONAL STANDARD BOOK NUMBER
International Standard Book Number 0443081662
040 ## - CATALOGING SOURCE
Original cataloging agency DLC
Transcribing agency DLC
Modifying agency DLC
041 ## - LANGUAGE CODE
Language code of text/sound track or separate title eng
060 ## - NATIONAL LIBRARY OF MEDICINE CALL NUMBER
Classification number WF 980 T4855
080 ## - UNIVERSAL DECIMAL CLASSIFICATION NUMBER
Universal Decimal Classification number 617.96754 KAP
082 00 - DEWEY DECIMAL CLASSIFICATION NUMBER
Classification number 617.96754 KAP
Edition number 19
100 ## - Rafti
Rafti 6
101 ## - Shkurtesa
Shkurtesa ANA
245 00 - TITLE STATEMENT
Title Thoracic anesthesia /
Statement of responsibility, etc edited by Joel A. Kaplan.
504 ## - BIBLIOGRAPHY, ETC. NOTE
Bibliography, etc Includes bibliographical references and index.
906 ## - LOCAL DATA ELEMENT F, LDF (RLIN)
a 7
b cbc
c orignew
d 1
e ocip
f 19
g y-gencatlg
942 ## - ADDED ENTRY ELEMENTS (KOHA)
Source of classification or shelving scheme
Item type Books
Holdings
Withdrawn status Lost status Source of classification or shelving scheme Damaged status Not for loan Collection code Permanent location Current location Shelving location Date acquired Total Checkouts Full call number Barcode Date last seen Price effective from Koha item type
          Koleksioni i përgjithshem UBT - Lipjan UBT - Lipjan Koleksioni i përgjithshem 01/05/2018   617.96754 KAP 002-2995143 01/05/2018 01/05/2018 Books
UBT Library © 2015-2024. All rights reserved University Education for Business and Technology